<?xml version="1.0" encoding="UTF-8"?>
<marc:record xmlns:marc="http://www.loc.gov/MARC21/slim">
   <marc:leader>00000nam a2200000 a 4500</marc:leader>
   <marc:datafield ind1="0" ind2="0" tag="245">
      <marc:subfield code="a">P.M - Ausgabe 08/2022</marc:subfield>
   </marc:datafield>
   <marc:datafield ind1="0" ind2="0" tag="245">
      <marc:subfield code="b">Welt des Wissens</marc:subfield>
   </marc:datafield>
   <marc:datafield ind1=" " ind2="1" tag="264">
      <marc:subfield code="c">2022</marc:subfield>
   </marc:datafield>
   <marc:datafield ind1="1" ind2=" " tag="520">
      <marc:subfield code="a">Pest, Sars, Affenpocken - Gefahr aus dem Tierreich: Wie Seuchen auf den Menschen überspringen und womit wir die Bedrohung verringern können
- Informatik: Clevere Tricks enthüllen, wie künstliche Intelligenz denkt
- Medizin: Elektrische Impulse heilen Nervenleiden - und bald auch Entzündungen
- Städtebau: Neue Leuchtstoffe sollen unsere Straßen und Plätze heller machen</marc:subfield>
   </marc:datafield>
</marc:record>
